[Event "Albert Boxer Classic"]
[Site "Winnipeg CAN"]
[Date "2002.09.01"]
[Round "4.3"]
[White "Lipnowski, Irwin"]
[Black "Vlaovic, George"]
[Result "1/2-1/2"]
[WhiteElo "2281"]
[BlackElo "2330"]
[PlyCount "46"]
[EventDate "2002.08.31"]
[EventType "swiss"]
[EventRounds "6"]
[EventCountry "CAN"]
[Source "ChessBase"]
[SourceDate "2002.11.25"]

1. c4 c5 2. Nc3 b6 3. Nf3 Bb7 4. e3 Nf6 5. d4 e6 6. d5 exd5 7. cxd5 d6 8. Be2
Be7 9. O-O O-O 10. e4 Ba6 11. Nd2 Ne8 12. Bxa6 Nxa6 13. Nc4 f5 14. e5 dxe5 15.
Nxe5 Bf6 16. Bf4 g5 17. Nc6 Qd7 18. Be5 Nb4 19. Bxf6 Nxf6 20. Qf3 g4 21. Qxf5
Qxf5 22. Ne7+ Kh8 23. Nxf5 Nbxd5 1/2-1/2

[Event "Albert Boxer Classic"]
[Site "Winnipeg CAN"]
[Date "2002.09.01"]
[Round "4.4"]
[White "Voje, Daniel"]
[Black "Aldrich, Don"]
[Result "0-1"]
[WhiteElo "2235"]
[BlackElo "1968"]
[PlyCount "82"]
[EventDate "2002.08.31"]
[EventType "swiss"]
[EventRounds "6"]
[EventCountry "CAN"]

1. e4 e5 2. Nc3 Nf6 3. Bc4 Nxe4 4. Qh5 Nd6 5. Bb3 Nc6 6. Nb5 g6 7. Qf3 f5 8.
Qd5 Qe7 9. Nxc7+ Kd8 10. Nxa8 b6 11. d3 Bb7 12. h4 f4 13. Qf3 Nd4 14. Qh3 Bh6
15. Bd2 N6f5 16. c3 Re8 17. Kf1 e4 18. dxe4 Qxe4 19. Re1 Ne3+ 20. Bxe3 Qd3+ 21.
Ne2 fxe3 22. cxd4 Rf8 23. f3 Ba6 24. Qh2 Bf4 25. g3 Bd6 26. Qg2 Bb7 27. Rd1 Qb5
28. d5 a5 29. Kg1 a4 30. Nc3 Qb4 31. Nxa4 Ba6 32. Kh2 e2 33. Rde1 Qxh4+ 34. Kg1
Qg5 35. Rh3 Qd2 36. Qf2 Rxf3 37. Qxf3 Qxe1+ 38. Kg2 Qf1+ 39. Qxf1 exf1=Q+ 40.
Kh2 Qf2+ 41. Kh1 Be2 0-1

[Event "Albert Boxer Classic"]
[Site "Winnipeg CAN"]
[Date "2002.09.01"]
[Round "4.5"]
[White "Lipnowski, Michael"]
[Black "Vincent, Trevor"]
[Result "1/2-1/2"]
[WhiteElo "1979"]
[BlackElo "1894"]
[PlyCount "80"]
[EventDate "2002.08.31"]
[EventType "swiss"]
[EventRounds "6"]
[EventCountry "CAN"]

1. d4 g6 2. c4 Bg7 3. e4 c5 4. d5 d6 5. Bd3 Nf6 6. Nf3 O-O 7. O-O e6 8. Nbd2
exd5 9. cxd5 a6 10. a4 Nbd7 11. Nc4 Nb6 12. Nxb6 Qxb6 13. Nd2 Bg4 14. Qc2 Qc7
15. a5 Bd7 16. Nc4 Bb5 17. Bf4 Bxc4 18. Qxc4 Nd7 19. b4 Bxa1 20. Rxa1 Rfc8 21.
Rc1 b5 22. axb6 Qxb6 23. b5 axb5 24. Qxb5 Qxb5 25. Bxb5 Ne5 26. Bxe5 dxe5 27.
f3 Kf8 28. Bc6 Ra5 29. Rb1 c4 30. Kf1 Rc7 31. d6 Rxc6 32. Rb8+ Kg7 33. d7 Rd6
34. d8=Q Rxd8 35. Rxd8 Ra2 36. Rc8 Rc2 37. Rc6 c3 38. h4 Rc1+ 39. Kf2 c2 40.
Kg3 h5 1/2-1/2

[Event "Albert Boxer Classic"]
[Site "Winnipeg CAN"]
[Date "2002.09.01"]
[Round "4.7"]
[White "Mu, Yuchen"]
[Black "Strub, Michael"]
[Result "1-0"]
[WhiteElo "1861"]
[BlackElo "1781"]
[PlyCount "65"]
[EventDate "2002.08.31"]
[EventType "swiss"]
[EventRounds "6"]
[EventCountry "CAN"]

1. e4 e5 2. f4 Bc5 3. Nf3 d6 4. c3 Nf6 5. d4 exd4 6. cxd4 Bb6 7. Nc3 O-O 8. Bd3
Bg4 9. Be3 Nc6 10. Qa4 Ne7 11. h3 Bd7 12. Qc2 Kh8 13. g4 Rc8 14. Ng5 Ne8 15.
Bc4 Kg8 16. Qb3 d5 17. Nxd5 Nd6 18. Bd3 h6 19. Nf3 Nxd5 20. exd5 Re8 21. Kf2
Re7 22. Ne5 Qe8 23. Bb1 Ba4 24. Qd3 g6 25. f5 gxf5 26. gxf5 f6 27. Rg1+ Kh7 28.
Bxh6 Rxe5 29. Kg2 Re2+ 30. Kh1 Kxh6 31. Qg3 Qf7 32. Qh4+ Qh5 33. Qxf6+ 1-0

[Event "Albert Boxer Classic"]
[Site "Winnipeg CAN"]
[Date "2002.09.01"]
[Round "4.8"]
[White "Rasmussen, Barry"]
[Black "Wangen, Michael"]
[Result "1-0"]
[WhiteElo "2240"]
[BlackElo "1901"]
[PlyCount "85"]
[EventDate "2002.08.31"]
[EventType "swiss"]
[EventRounds "6"]
[EventCountry "CAN"]

1. e4 d5 2. exd5 Qxd5 3. Nc3 Qa5 4. g3 Nf6 5. Bg2 c6 6. Nge2 g6 7. O-O Bg7 8.
d4 O-O 9. Bf4 Be6 10. Qd2 Nbd7 11. Bh6 Rad8 12. Bxg7 Kxg7 13. Nf4 Bf5 14. h3
Nb6 15. g4 Bc8 16. Rad1 e5 17. g5 Ng8 18. Nfe2 Nc4 19. Qc1 exd4 20. Nxd4 Qb6
21. Na4 Qc7 22. b3 Nb6 23. Qb2 f6 24. Nc5 Rfe8 25. Rfe1 Kf7 26. Nf3 Rxd1 27.
Rxd1 Qe7 28. Nd3 fxg5 29. Qh8 Kf8 30. Re1 Qf7 31. Rxe8+ Qxe8 32. Nxg5 h6 33.
Ne4 Qe7 34. Qd4 Bf5 35. Nd6 Bxd3 36. Qxd3 Qe1+ 37. Bf1 Qe6 38. Nxb7 Nd5 39. c4
Nf4 40. Qf3 g5 41. Nd8 Qd6 42. Nxc6 Qa3 43. Nd4 1-0

[Event "Albert Boxer Classic"]
[Site "Winnipeg CAN"]
[Date "2002.09.01"]
[Round "4.9"]
[White "Cowdrey, Eric"]
[Black "Kaptsan, Aron"]
[Result "1/2-1/2"]
[WhiteElo "1764"]
[BlackElo "2096"]
[PlyCount "105"]
[EventDate "2002.08.31"]
[EventType "swiss"]
[EventRounds "6"]
[EventCountry "CAN"]
[Source "ChessBase"]
[SourceDate "2002.11.25"]

1. d4 d5 2. c4 e6 3. Nc3 Nf6 4. Bg5 c5 5. cxd5 Qb6 6. Na4 Qb4+ 7. Bd2 Qxd4 8.
dxe6 Bxe6 9. Nf3 Qd8 10. e3 Be7 11. Be2 O-O 12. O-O Nc6 13. Qc1 b6 14. Rd1 Qc7
15. Qc2 Rad8 16. Rac1 Qb8 17. b3 Nd5 18. Nc3 Ncb4 19. Qb1 Nf6 20. a3 Nbd5 21.
Ng5 Bc8 22. Nxd5 Rxd5 23. e4 Rd4 24. Bc3 Rxd1+ 25. Rxd1 h6 26. Nf3 Be6 27. Ne5
Qb7 28. f3 Rd8 29. Rxd8+ Bxd8 30. Qd1 Be7 31. Nc4 Qc6 32. Ne5 Qc7 33. a4 Nd7
34. Nxd7 Bxd7 35. Bc4 Be6 36. Bxe6 fxe6 37. Qd3 Bd6 38. g3 Be5 39. f4 Bxc3 40.
Qxc3 Qd6 41. Kf2 Kf7 42. Ke2 Qc6 43. Qd3 a6 44. Kd2 b5 45. axb5 axb5 46. Kc3
Ke7 47. g4 Qa6 48. h4 b4+ 49. Kd2 Qa1 50. e5 Qb2+ 51. Ke3 Qc1+ 52. Kf3 Qh1+ 53.
Kg3 1/2-1/2

[Event "Albert Boxer Classic"]
[Site "Winnipeg CAN"]
[Date "2002.09.01"]
[Round "4.10"]
[White "Miller, Mark"]
[Black "Gilbert, Nathan"]
[Result "1/2-1/2"]
[WhiteElo "1859"]
[BlackElo "1720"]
[PlyCount "54"]
[EventDate "2002.08.31"]
[EventType "swiss"]
[EventRounds "6"]
[EventCountry "CAN"]

1. e4 c5 2. Nf3 d6 3. d4 cxd4 4. Nxd4 Nf6 5. Nc3 e6 6. Be3 Nc6 7. Be2 a6 8. O-O
Qc7 9. a4 b6 10. f4 Bb7 11. Bf3 Be7 12. Kh1 O-O 13. g4 Nxd4 14. Bxd4 e5 15. Be3
exf4 16. Bxf4 Qc4 17. Qe1 Rfe8 18. g5 Nd7 19. Qg3 Ne5 20. Bxe5 dxe5 21. Rad1
Rad8 22. Bg2 Qe6 23. Nd5 Bxd5 24. exd5 Qg6 25. Qxe5 Bxg5 26. Qf5 Qxf5 27. Rxf5
Bf6 1/2-1/2

[Event "Albert Boxer Classic"]
[Site "Winnipeg CAN"]
[Date "2002.09.01"]
[Round "4.11"]
[White "Proulx, Roy"]
[Black "Federkevic, Danny"]
[Result "0-1"]
[WhiteElo "1730"]
[BlackElo "2009"]
[PlyCount "43"]
[EventDate "2002.08.31"]
[EventType "swiss"]
[EventRounds "6"]
[EventCountry "CAN"]

1. e4 e5 2. Nf3 Nc6 3. Bc4 Bc5 4. Nxe5 Nxe5 5. d4 Nxc4 6. dxc5 Ne5 7. O-O d6 8.
f4 Ng6 9. Qd4 dxc5 10. Qxc5 Qd6 11. Qc3 Bd7 12. f5 Ne5 13. Bf4 f6 14. Na3 Qb6+
15. Kh1 O-O-O 16. Bxe5 fxe5 17. Qxe5 Nf6 18. Qf4 Qxb2 19. Nc4 Qd4 20. Ne5 Bb5
21. Rfe1 Qd6 22. g3 0-1

[Event "Albert Boxer Classic"]
[Site "Winnipeg CAN"]
[Date "2002.09.01"]
[Round "4.12"]
[White "Lauritson, Jim"]
[Black "Katona, John"]
[Result "1-0"]
[WhiteElo "1947"]
[BlackElo "1797"]
[PlyCount "113"]
[EventDate "2002.08.31"]
[EventType "swiss"]
[EventRounds "6"]
[EventCountry "CAN"]

1. e4 c5 2. Nf3 d6 3. d4 cxd4 4. Nxd4 Nf6 5. Nc3 a6 6. Be2 e5 7. Nb3 Be7 8. O-O
Nc6 9. Kh1 Be6 10. f4 Qc7 11. Be3 Rd8 12. Bf3 b5 13. a3 h5 14. f5 Bc4 15. Re1
h4 16. Qd2 Bxb3 17. cxb3 Na5 18. Qf2 Nxb3 19. Bb6 Qb7 20. Bxd8 Bxd8 21. Rad1
Bb6 22. Qf1 Nd4 23. Qd3 Nh5 24. Bxh5 Rxh5 25. h3 Rg5 26. Nd5 Rg3 27. Qf1 Ba7
28. Rc1 Bc5 29. b4 Bb6 30. Rc3 Rxc3 31. Nxc3 Nc2 32. Rc1 Nxa3 33. Nd5 Nc4 34.
Qe2 f6 35. Qh5+ Kf8 36. Qh8+ Kf7 37. Qxh4 Qa7 38. Qh5+ Kf8 39. Qh8+ Kf7 40.
Qh5+ Kf8 41. Qh8+ Kf7 42. Rc3 Bf2 43. Rd3 a5 44. Qc8 axb4 45. Qc7+ Qxc7 46.
Nxc7 b3 47. Rxb3 Nd2 48. Rxb5 Nxe4 49. g4 g6 50. Kg2 gxf5 51. gxf5 Be1 52. Nd5
Bh4 53. Rb7+ Kf8 54. Rb4 Ng3 55. Rxh4 Nxf5 56. Rh7 Kg8 57. Nxf6+ 1-0

[Event "Albert Boxer Classic"]
[Site "Winnipeg CAN"]
[Date "2002.09.01"]
[Round "4.13"]
[White "Nikouline, Alexandre"]
[Black "Shome, Devarshi"]
[Result "1-0"]
[WhiteElo "2098"]
[BlackElo "1500"]
[PlyCount "55"]
[EventDate "2002.08.31"]
[EventType "swiss"]
[EventRounds "6"]
[EventCountry "CAN"]

1. e4 e6 2. d4 d5 3. e5 c5 4. c3 Nc6 5. Be3 cxd4 6. cxd4 Bd7 7. Nf3 Rc8 8. Nc3
Nge7 9. Bd3 Qb6 10. O-O Ng6 11. h4 h5 12. Ng5 Nxh4 13. Nh7 Qxb2 14. Na4 Qa3 15.
Bc1 Qb4 16. Qxh5 Qxa4 17. Nf6+ gxf6 18. Qxh8 Qxd4 19. Bh6 Qc5 20. Rfc1 Qe7 21.
exf6 Qd6 22. Bxf8 Qxf8 23. Qxh4 Ne5 24. Rxc8+ Bxc8 25. Rc1 Kd7 26. Qa4+ Nc6 27.
Bb5 Qd6 28. Qxa7 1-0

[Event "Albert Boxer Classic"]
[Site "Winnipeg CAN"]
[Date "2002.09.01"]
[Round "4.16"]
[White "Charter, Bennet"]
[Black "Conway, Edward J"]
[Result "1-0"]
[WhiteElo "1700"]
[BlackElo "1645"]
[PlyCount "93"]
[EventDate "2002.08.31"]
[EventType "swiss"]
[EventRounds "6"]
[EventCountry "CAN"]

1. e4 e5 2. Nf3 Nc6 3. Bb5 a6 4. Ba4 d6 5. c3 Nf6 6. Bc2 g6 7. O-O Bg7 8. h3
O-O 9. Re1 Bd7 10. d4 Nh5 11. Be3 exd4 12. Nxd4 Qe7 13. Nd2 Nd8 14. N2f3 Ne6
15. Nxe6 Bxe6 16. Nd4 Bd7 17. Qd2 Bc6 18. Nxc6 bxc6 19. Bd4 Rab8 20. Bxg7 Nxg7
21. Ba4 Rb6 22. Rab1 Qh4 23. Bb3 Rb5 24. Re3 Re5 25. Rbe1 Rfe8 26. Qd3 Rb5 27.
Qc4 Ne6 28. Qxc6 Reb8 29. Bxe6 fxe6 30. b3 Rc5 31. Qxa6 Rf8 32. Qe2 Qf6 33. Rf3
Qe5 34. Rxf8+ Kxf8 35. c4 Ra5 36. Qd2 Kg7 37. f4 Qc5+ 38. Kh1 Ra3 39. e5 Kf7
40. exd6 cxd6 41. Qe2 Qf5 42. Rd1 Qc5 43. Rd2 Qa5 44. Rxd6 Rxa2 45. Qxe6+ Kg7
46. Qf6+ Kh6 47. Qf8+ 1-0

[Event "Albert Boxer Classic"]
[Site "Winnipeg CAN"]
[Date "2002.09.02"]
[Round "5"]
[White "Gentes, Kevin"]
[Black "Henson, Joshua"]
[Result "0-1"]
[WhiteElo "2346"]
[BlackElo "2110"]
[PlyCount "70"]
[EventDate "2002.08.31"]
[EventType "swiss"]
[EventRounds "6"]
[EventCountry "CAN"]

1. d4 Nf6 2. c4 c5 3. Nf3 g6 4. Nc3 cxd4 5. Qxd4 Nc6 6. Qd1 Bg7 7. e4 O-O 8.
Be2 d6 9. h3 Nd7 10. Be3 Nc5 11. Nd4 Ne6 12. Nxe6 Bxe6 13. Rc1 Rb8 14. Qd2 b6
15. O-O Qd7 16. Nd5 f5 17. exf5 Bxf5 18. Rfd1 Ne5 19. f4 Nf7 20. Bf3 e5 21. Nc3
exf4 22. Bxf4 Ne5 23. Be2 Rbd8 24. Bg5 Rde8 25. Qxd6 Qxd6 26. Rxd6 Nf7 27. c5
Nxg5 28. c6 Bxc3 29. Bc4+ Be6 30. Rxc3 Bxc4 31. Rxc4 Rd8 32. Rd7 Rxd7 33. cxd7
Rd8 34. Rc7 Ne6 35. Rc6 Kf7 0-1

[Event "Albert Boxer Classic"]
[Site "Winnipeg CAN"]
[Date "2002.09.02"]
[Round "5.2"]
[White "Aldrich, Don"]
[Black "Vlaovic, George"]
[Result "1-0"]
[WhiteElo "1968"]
[BlackElo "2330"]
[PlyCount "73"]
[EventDate "2002.08.31"]
[EventType "swiss"]
[EventRounds "6"]
[EventCountry "CAN"]
[Source "ChessBase"]
[SourceDate "2002.11.25"]

1. e4 c5 2. Nf3 b6 3. d4 cxd4 4. Nxd4 Bb7 5. Nc3 a6 6. Be3 b5 7. a3 e6 8. Bd3
Nc6 9. Nxc6 Bxc6 10. Qg4 Qb8 11. f4 Nf6 12. Qg3 Qb7 13. O-O h5 14. f5 Be7 15.
Bg5 h4 16. Qh3 Rh5 17. Bxf6 Bxf6 18. Rae1 Be5 19. Nd5 Bxb2 20. f6 g6 21. Ne7
Bxa3 22. Nxg6 Bc5+ 23. Kh1 fxg6 24. f7+ Ke7 25. Qg4 Rhh8 26. Qg5+ Kd6 27. Rf6
h3 28. Rxg6 hxg2+ 29. Kxg2 Qa7 30. Qf4+ Ke7 31. Qg5+ Kd6 32. Qg3+ Ke7 33. Rf1
Be3 34. Rg8 Bh6 35. Qh4+ Kd6 36. Rxh8 Rxh8 37. Qxh6 1-0

[Event "Albert Boxer Classic"]
[Site "Winnipeg CAN"]
[Date "2002.09.02"]
[Round "5.3"]
[White "Mu, Yuchen"]
[Black "Lipnowski, Irwin"]
[Result "0-1"]
[WhiteElo "1861"]
[BlackElo "2281"]
[PlyCount "68"]
[EventDate "2002.08.31"]
[EventType "swiss"]
[EventRounds "6"]
[EventCountry "CAN"]

1. e4 c5 2. Nc3 Nc6 3. g3 g6 4. Bg2 Bg7 5. f4 d6 6. d3 e6 7. Nge2 Nge7 8. Be3
Nd4 9. Qd2 O-O 10. O-O-O Rb8 11. h4 b5 12. h5 b4 13. Nb1 Nxe2+ 14. Qxe2 Qa5 15.
hxg6 hxg6 16. Qg4 Qxa2 17. Qh4 Qxb2+ 18. Kd2 Re8 19. Qh7+ Kf8 20. g4 Nc6 21. f5
exf5 22. gxf5 Nd4 23. Bxd4 Qxd4 24. fxg6 Re7 25. Rdf1 Rbb7 26. Bf3 c4 27. gxf7
Rxf7 28. Rhg1 cxd3 29. cxd3 Qb2+ 30. Ke1 Qxb1+ 31. Kf2 Bd4+ 32. Kg3 Be5+ 33.
Kg2 Qb2+ 34. Rf2 Qxf2+ 0-1

[Event "Albert Boxer Classic"]
[Site "Winnipeg CAN"]
[Date "2002.09.02"]
[Round "5.4"]
[White "Cleto, Sam"]
[Black "Lipnowski, Samuel"]
[Result "0-1"]
[WhiteElo "1800"]
[BlackElo "2039"]
[PlyCount "76"]
[EventDate "2002.08.31"]
[EventType "swiss"]
[EventRounds "6"]
[EventCountry "CAN"]

1. d4 d5 2. c4 Nc6 3. Nc3 dxc4 4. e4 Qxd4 5. Qa4 Nf6 6. Nf3 Qd8 7. Bg5 h6 8.
Bh4 g5 9. Bg3 e6 10. Ne5 Bd7 11. Nxd7 Nxd7 12. O-O-O Qe7 13. Nb5 Nb6 14. Qc2
Rc8 15. Qc3 Rg8 16. Bxc4 Bg7 17. e5 Nxc4 18. Qxc4 a6 19. Nc3 Nxe5 20. Qe4 Nc6
21. Qh7 Kf8 22. Rhe1 Bxc3 23. bxc3 Qa3+ 24. Kb1 Qxc3 25. Qxh6+ Ke7 26. Re3 Qb4+
27. Ka1 Nd4 28. Rc1 Nf5 29. Qh3 Nxe3 30. fxe3 Rh8 31. Bh4 Qxh4 32. Qf3 Qxh2 33.
g3 Qd2 34. Rf1 f5 35. e4 Rh2 36. Qa3+ Qd6 37. Qc3 e5 38. Rxf5 Qd1+ 0-1

[Event "Albert Boxer Classic"]
[Site "Winnipeg CAN"]
[Date "2002.09.02"]
[Round "5.5"]
[White "Lipnowski, Michael"]
[Black "Rasmussen, Barry"]
[Result "0-1"]
[WhiteElo "1979"]
[BlackElo "2240"]
[PlyCount "50"]
[EventDate "2002.08.31"]
[EventType "swiss"]
[EventRounds "6"]
[EventCountry "CAN"]

1. d4 c5 2. d5 Nf6 3. c4 Ne4 4. Qc2 f5 5. g3 Qa5+ 6. Nd2 g6 7. Bg2 Nd6 8. Ngf3
Bg7 9. O-O b5 10. cxb5 Qxb5 11. e4 fxe4 12. Nxe4 Nf5 13. Nxc5 Na6 14. Nxa6 Bxa6
15. Re1 Rc8 16. Qe4 Rc4 17. Qb1 O-O 18. Ne5 Bxe5 19. Rxe5 d6 20. Re1 Qc5 21.
Be3 Nxe3 22. Rxe3 Rc2 23. Qe1 Bc4 24. Rc1 Rfxf2 25. Qxf2 Rxc1+ 0-1

[Event "Albert Boxer Classic"]
[Site "Winnipeg CAN"]
[Date "2002.09.02"]
[Round "5.6"]
[White "Vincent, Trevor"]
[Black "Schulz, Waldemar"]
[Result "0-1"]
[WhiteElo "1894"]
[BlackElo "2036"]
[PlyCount "66"]
[EventDate "2002.08.31"]
[EventType "swiss"]
[EventRounds "6"]
[EventCountry "CAN"]

1. c4 Nf6 2. g3 g6 3. Nf3 Bg7 4. Bg2 O-O 5. d4 c6 6. O-O d5 7. cxd5 cxd5 8. Ne5
Nc6 9. Nc3 Bf5 10. Bf4 Rc8 11. Rc1 Re8 12. Kh1 Be6 13. Nxc6 Rxc6 14. f3 Nh5 15.
Be3 Qd7 16. Bf2 Rec8 17. Qd2 Nf6 18. e4 dxe4 19. fxe4 Bh3 20. d5 Bxg2+ 21. Kxg2
Rc4 22. Qd3 b5 23. b3 R4c7 24. Bd4 Bh6 25. Rcd1 b4 26. Ne2 Ne8 27. Qf3 Nd6 28.
Be5 Rc2 29. Rf2 Rxa2 30. Bd4 f6 31. e5 Nf5 32. exf6 exf6 33. Bxf6 Ne3+ 0-1

[Event "Albert Boxer Classic"]
[Site "Winnipeg CAN"]
[Date "2002.09.02"]
[Round "5.7"]
[White "Federkevic, Danny"]
[Black "Lauritson, Jim"]
[Result "1-0"]
[WhiteElo "2009"]
[BlackElo "1947"]
[PlyCount "47"]
[EventDate "2002.08.31"]
[EventType "swiss"]
[EventRounds "6"]
[EventCountry "CAN"]

1. e4 c5 2. Nc3 Nc6 3. f4 g6 4. Nf3 Bg7 5. Bc4 e6 6. f5 Nge7 7. fxe6 dxe6 8.
O-O O-O 9. d3 h6 10. Qe1 Kh7 11. Qh4 f6 12. Ne2 e5 13. a4 Nd4 14. Nexd4 cxd4
15. Ng5+ fxg5 16. Bxg5 Nf5 17. Rxf5 Qe8 18. Rxf8 Bxf8 19. Rf1 Be6 20. Rxf8 Qxf8
21. Bxe6 b6 22. Be7 Qe8 23. Qf6 a6 24. Bf7 1-0

[Event "Albert Boxer Classic"]
[Site "Winnipeg CAN"]
[Date "2002.09.02"]
[Round "5.9"]
[White "Boron, Anthony"]
[Black "Nikouline, Alexandre"]
[Result "0-1"]
[WhiteElo "1925"]
[BlackElo "2098"]
[PlyCount "62"]
[EventDate "2002.08.31"]
[EventType "swiss"]
[EventRounds "6"]
[EventCountry "CAN"]
[Source "ChessBase"]
[SourceDate "2002.11.25"]

1. e4 c5 2. Nc3 e6 3. f4 Nc6 4. Nf3 d6 5. Bb5 Qb6 6. O-O Bd7 7. Kh1 a6 8. Bxc6
Bxc6 9. b3 Nf6 10. d3 h5 11. Qe1 O-O-O 12. a4 Be7 13. Bd2 Ng4 14. Ne2 Rdf8 15.
h3 Bf6 16. Rb1 Qa7 17. hxg4 hxg4+ 18. Nh2 c4 19. Qf2 Qb8 20. Kg1 Rh7 21. Nxg4
Rfh8 22. g3 c3 23. Be3 Bd8 24. Kg2 f5 25. Nxc3 Ba5 26. Bd4 Bxc3 27. Bxc3 fxe4
28. Qe3 exd3+ 29. Kf2 Rh2+ 30. Nxh2 Rxh2+ 31. Kg1 Rg2+ 0-1

[Event "Albert Boxer Classic"]
[Site "Winnipeg CAN"]
[Date "2002.09.02"]
[Round "5.10"]
[White "Kaptsan, Aron"]
[Black "Gilbert, Nathan"]
[Result "0-1"]
[WhiteElo "2169"]
[BlackElo "1720"]
[PlyCount "42"]
[EventDate "2002.08.31"]
[EventType "swiss"]
[EventRounds "6"]
[EventCountry "CAN"]
[Source "ChessBase"]
[SourceDate "2002.11.25"]

1. d4 e6 2. g3 d5 3. Bg2 Nf6 4. Nf3 Bd6 5. c4 c6 6. Nbd2 Nbd7 7. Qc2 O-O 8. O-O
Re8 9. e4 dxe4 10. Nxe4 Nxe4 11. Qxe4 e5 12. Rd1 exd4 13. Qxd4 Bc5 14. Qd2 Qb6
15. b3 Nf6 16. Rf1 Bf5 17. Nh4 Rad8 18. Qf4 Bd3 19. Bb2 Bd4 20. Bxd4 Rxd4 21.
Qg5 h6 0-1

[Event "Albert Boxer Classic"]
[Site "Winnipeg CAN"]
[Date "2002.09.02"]
[Round "5.11"]
[White "Strub, Michael"]
[Black "Miller, Mark"]
[Result "0-1"]
[WhiteElo "1781"]
[BlackElo "1859"]
[PlyCount "96"]
[EventDate "2002.08.31"]
[EventType "swiss"]
[EventRounds "6"]
[EventCountry "CAN"]

1. d4 Nf6 2. c4 e6 3. Nc3 d5 4. cxd5 exd5 5. Bg5 Be7 6. e3 c6 7. Bd3 O-O 8. Qc2
Nbd7 9. Nge2 h6 10. Bh4 Re8 11. O-O Nh5 12. Bxe7 Qxe7 13. Rab1 Ndf6 14. b4 a6
15. a4 Ne4 16. b5 axb5 17. axb5 Bd7 18. bxc6 bxc6 19. Bxe4 dxe4 20. Rb7 Rab8
21. Rfb1 Rxb7 22. Rxb7 f5 23. Qa2+ Kh7 24. Qa7 Nf6 25. Nc1 Qd6 26. Nb3 Rg8 27.
Nc5 Be6 28. N3a4 f4 29. Nxe6 Qxe6 30. exf4 Qg4 31. g3 Qd1+ 32. Kg2 Qf3+ 33. Kg1
Ng4 34. Rb2 e3 35. fxe3 Nxe3 36. Qa6 Qd1+ 37. Kf2 Qxd4 38. Ke2 Nc4 39. Ra2 Re8+
40. Kf3 Qe4+ 41. Kf2 Qe1+ 42. Kg2 Ne3+ 43. Kh3 Qb1 44. Qe2 Qf5+ 45. g4 Nxg4 46.
Qxg4 Re3+ 47. Kh4 Qf6+ 48. Kh5 g6+ 0-1

[Event "Albert Boxer Classic"]
[Site "Winnipeg CAN"]
[Date "2002.09.02"]
[Round "5.12"]
[White "Khedkar, Jay"]
[Black "Cowdrey, Eric"]
[Result "1-0"]
[WhiteElo "1935"]
[BlackElo "1764"]
[PlyCount "67"]
[EventDate "2002.08.31"]
[EventType "swiss"]
[EventRounds "6"]
[EventCountry "CAN"]

1. e4 c6 2. d4 d5 3. Nc3 dxe4 4. Nxe4 Nd7 5. Bc4 Ngf6 6. Ng5 e6 7. Ne2 h6 8.
Nf3 Be7 9. O-O O-O 10. Bb3 c5 11. Re1 b5 12. c3 c4 13. Bc2 Bb7 14. Ng3 Re8 15.
Qe2 Qc7 16. Ne5 Nf8 17. Nh5 a6 18. Bf4 Qd8 19. Rad1 Qd5 20. Nxf6+ Bxf6 21. Qg4
h5 22. Qg3 h4 23. Qg4 Qd8 24. Re3 Qe7 25. Rh3 Rad8 26. Re1 Bd5 27. Bh6 a5 28.
Rxh4 g6 29. Rh3 Bg7 30. Qf4 f6 31. Nxg6 Nxg6 32. Bxg6 Rf8 33. Bxg7 Qxg7 34. Rg3
1-0

[Event "Albert Boxer Classic"]
[Site "Winnipeg CAN"]
[Date "2002.09.02"]
[Round "5.14"]
[White "Katona, John"]
[Black "Charter, Bennet"]
[Result "1-0"]
[WhiteElo "1797"]
[BlackElo "1700"]
[PlyCount "49"]
[EventDate "2002.08.31"]
[EventType "swiss"]
[EventRounds "6"]
[EventCountry "CAN"]

1. e4 c5 2. c3 d5 3. exd5 Qxd5 4. d4 Nf6 5. Nf3 Bg4 6. Be2 e6 7. h3 Bh5 8. O-O
cxd4 9. cxd4 Nc6 10. Nc3 Qd8 11. Be3 Be7 12. Qb3 Qd7 13. g4 Bg6 14. Ne5 Qc8 15.
Bf3 O-O 16. Rac1 Rb8 17. Qa4 Ra8 18. Ne2 Nd5 19. Bxd5 exd5 20. Nf4 Qe8 21. Nxc6
bxc6 22. Qxc6 Rb8 23. b3 Ba3 24. Qxe8 Rfxe8 25. Rc7 1-0

[Event "Albert Boxer Classic"]
[Site "Winnipeg CAN"]
[Date "2002.09.02"]
[Round "5.15"]
[White "Shome, Devarshi"]
[Black "Proulx, Roy"]
[Result "1-0"]
[WhiteElo "1500"]
[BlackElo "1730"]
[PlyCount "55"]
[EventDate "2002.08.31"]
[EventType "swiss"]
[EventRounds "6"]
[EventCountry "CAN"]

1. e4 e6 2. d4 d5 3. e5 c5 4. c3 Nc6 5. Nf3 Qb6 6. Bd3 Bd7 7. O-O cxd4 8. cxd4
Nxd4 9. Nxd4 Qxd4 10. Nc3 Qxe5 11. Re1 Qb8 12. Nxd5 Bd6 13. Qg4 Kf8 14. Bd2
Bxh2+ 15. Kh1 Be5 16. Rxe5 exd5 17. Bb4+ Ne7 18. Bxe7+ Kg8 19. Qg3 Bc6 20. Bf6
Qf8 21. Bxg7 Qxg7 22. Rg5 Qg6 23. Bxg6 hxg6+ 24. Kg1 Kg7 25. Qe5+ f6 26. Qe7+
Kh6 27. Qxf6 Raf8 28. Qxg6# 1-0

[Event "Albert Boxer Classic"]
[Site "Winnipeg CAN"]
[Date "2002.09.02"]
[Round "5.18"]
[White "Conway, Edward J"]
[Black "Gannon, Keith"]
[Result "1-0"]
[WhiteElo "1645"]
[BlackElo "1552"]
[PlyCount "123"]
[EventDate "2002.08.31"]
[EventType "swiss"]
[EventRounds "6"]
[EventCountry "CAN"]

1. e4 c5 2. Nf3 d6 3. d4 cxd4 4. Nxd4 Nf6 5. Nc3 e6 6. Be2 Be7 7. Be3 O-O 8.
O-O Bd7 9. Kh1 Nc6 10. f4 Nxd4 11. Bxd4 Bc6 12. Bf3 Qc7 13. Qe1 e5 14. fxe5
dxe5 15. Be3 Bb4 16. Bd2 Rac8 17. a3 Bc5 18. Qg3 Rfd8 19. Bh6 Ne8 20. Bh5 g6
21. Bg4 Rb8 22. Bg5 Rd4 23. Be3 Rc4 24. Be2 Rxc3 25. bxc3 Bxe4 26. Bc4 Nd6 27.
Bxc5 Qxc5 28. Bd3 Qxc3 29. Qf2 Bxd3 30. cxd3 b6 31. Qe2 Qd4 32. Rab1 Qd5 33.
Rbe1 Re8 34. Qc2 Rc8 35. Qb2 f6 36. Rxf6 Kg7 37. Rff1 Re8 38. Qc3 Nb5 39. Qa1
Nd4 40. Qc1 Nc6 41. Qg5 Re6 42. Qd2 Ne7 43. Re3 Rf6 44. Ree1 Rxf1+ 45. Rxf1 Nf5
46. Kg1 Qd4+ 47. Kh1 e4 48. Rd1 e3 49. Qe2 a5 50. Re1 a4 51. Rb1 Kh6 52. g3 Qc5
53. Re1 Qxa3 54. g4 Nd6 55. Qxe3+ Kg7 56. Qd4+ Kg8 57. Qd5+ Kh8 58. Re6 Qc1+
59. Kg2 Qd2+ 60. Kh3 Qh6+ 61. Kg3 Nf7 62. Qd4+ 1-0

[Event "Albert Boxer Classic"]
[Site "Winnipeg CAN"]
[Date "2002.09.02"]
[Round "5.19"]
[White "Ford, Dana"]
[Black "Klassen, Paul"]
[Result "0-1"]
[WhiteElo "1182"]
[BlackElo "1500"]
[PlyCount "42"]
[EventDate "2002.08.31"]
[EventType "swiss"]
[EventRounds "6"]
[EventCountry "CAN"]

1. d4 d5 2. Nf3 Nf6 3. e3 e6 4. Bd3 c5 5. b3 Nc6 6. O-O cxd4 7. exd4 Bd6 8. Re1
O-O 9. Ne5 Nxd4 10. Bb2 Qb6 11. c3 Nc6 12. Nf3 e5 13. Bc2 Re8 14. Nbd2 Ng4 15.
Qe2 Bc5 16. Rf1 Bd7 17. c4 dxc4 18. Nxc4 Qc7 19. Ne3 Nxe3 20. fxe3 Qb6 21. Qf2
Bxe3 0-1

[Event "Albert Boxer Classic"]
[Site "Winnipeg CAN"]
[Date "2002.09.02"]
[Round "6.1"]
[White "Henson, Joshua"]
[Black "Aldrich, Don"]
[Result "1/2-1/2"]
[WhiteElo "2110"]
[BlackElo "1968"]
[PlyCount "24"]
[EventDate "2002.08.31"]
[EventType "swiss"]
[EventRounds "6"]
[EventCountry "CAN"]

1. d4 e6 2. e4 d5 3. Nc3 dxe4 4. Nxe4 Be7 5. Nf3 Nf6 6. Bd3 Nxe4 7. Bxe4 c5 8.
O-O Nd7 9. Be3 Nf6 10. Bd3 Nd5 11. c4 Nxe3 12. fxe3 cxd4 1/2-1/2